|
|
|
|
| LEADER |
00000nab#a22000007a#4500 |
| 001 |
arbauad041088 |
| 003 |
AR-BaUAD |
| 005 |
20250711113222.0 |
| 008 |
991022|||||||||###||||||b###|0###a|spa|| |
| 040 |
|
|
|a AR-BaUAD
|c AR-BaUAD
|b spa
|
| 100 |
|
|
|a Morteo, Enrico
|
| 245 |
|
|
|a Oggetti informali /
|c Enrico Morteo;
|
| 300 |
0 |
|
|b fot.
|
| 653 |
|
|
|a ITALIA
|
| 653 |
|
|
|a LENTI, PAOLA
|
| 653 |
|
|
|a ROTA, FRANCESCO
|
| 653 |
|
|
|a CAMPEGGI
|
| 653 |
|
|
|a LEVANTI, GIOVANNI
|
| 653 |
|
|
|a BRF
|
| 653 |
|
|
|a POWER, TIM
|
| 653 |
|
|
|a MUEBLES
|
| 653 |
|
|
|a REPOSERAS
|
| 653 |
|
|
|a SILLONES
|
| 653 |
|
|
|a DIVANES
|
| 653 |
|
|
|a RECREACION
|
| 653 |
|
|
|a DISEÑO INDUSTRIAL
|
| 773 |
0 |
|
|t INTERNI
|g no. 493 [set. 1999], p. 227-229
|
| 942 |
|
|
|c ARTI
|
| 952 |
|
|
|0 0
|1 0
|4 0
|7 0
|9 86007
|a AR-BAuAD
|b AR-BAuAD
|d 2025-07-11
|l 0
|p AAQA041088
|r 2025-07-11 11:32:22
|w 2025-07-11
|y ARTI
|
| 990 |
|
|
|a DI199
|b TD
|
| 998 |
|
|
|a AAQ
|b BIBUN76
|
| 999 |
|
|
|c 65680
|d 65680
|